000 00971nam a22002177a 4500
003 OSt
005 20260317010001.0
008 260317b |||||||| |||| 00| 0 eng d
020 _a0-06-440863-9
040 _aDWCL GS lib
_cOC
082 _aS672a 2000
100 _aSNICKET, LEMONY
245 _aThe austere academy
_cLEMONY SNICKET
260 _aNew York
_bHarper Collins Publishers
_c2000
300 _a221 p
_c18 cm
520 _athe Baudelaire orphans are sent to the miserable Prufrock Preparatory School, where they live in a shack, endure, and face Count Olaf disguised as a gym teacher. They befriend the Quagmire triplets—fellow orphans with a similar tragic past—but ultimately fail to stop Olaf from kidnapping their new friends
650 _athe Baudelaire orphans' most challenging, yet formative, periods
650 _amaintaining integrity, resilience, and friendship in the face of relentless
700 _aLEMONY SNICKET
942 _2ddc
_cFIC.
_n0
999 _c9185
_d9185